[Event "AUTO-MASTER-1983"]
[Site "http://www.queenalice.com/game.php?id=1233309"]
[Date "2013.11.18"]
[Round "1"]
[White "cerenzo72"]
[Black "Neimar_Dantas"]
[Result "0-1"]
[WhiteElo "2136"]
[BlackElo "2052"]

1. e4 e5 2. Nf3 Nc6 3. Nc3 Bc5 4. Bc4 d6 5. d3 Nf6 6. Bg5 h6 7. Bh4 g5 8. Bg3
Be6 9. Bxe6 fxe6 10. h4 g4 11. Nd2 Qe7 12. Na4 Bb6 13. Nxb6 axb6 14. h5 Kd7 15.
Nc4 Qf7 16. a3 Nxh5 17. Qxg4 Nxg3 18. Qxg3 Nd4 19. Ne3 b5 20. b4 h5 21. Kd2 Rag8
22. Qh4 Rxg2 23. Kc3 Rxf2 24. Raf1 Rf4 25. Rxf4 exf4 26. Kxd4 Qg7+ 0-1

[Event "AUTO-MASTER-1995"]
[Site "http://www.queenalice.com/game.php?id=1238833"]
[Date "2013.12.9"]
[Round "1"]
[White "jnable"]
[Black "Neimar_Dantas"]
[Result "0-1"]
[WhiteElo "2051"]
[BlackElo "2106"]

1. e4 c6 2. d4 d5 3. Nd2 dxe4 4. Nxe4 Nd7 5. Bd3 Ngf6 6. Nf3 e6 7. c4 Qc7 8. Bg5
Bb4+ 9. Nc3 O-O 10. Qc2 h6 11. Bh4 e5 12. O-O-O exd4 13. Nxd4 Qf4+ 14. Kb1 Qxh4
15. Nf5 Qf4 16. Ne2 Qc7 17. a3 Bc5 18. f3 Ne5 19. Nfg3 Nxd3 20. Rxd3 Be6 21. Ne4
Nxe4 22. fxe4 Rad8 23. Rg3 Bd6 24. Re3 b6 25. Nd4 Bc8 26. Nf5 Bxf5 27. exf5 Bc5
28. Rg3 Qe5 29. Rf1 f6 30. Qc1 Kh7 0-1

[Event "AUTO-MASTER-1995"]
[Site "http://www.queenalice.com/game.php?id=1238834"]
[Date "2013.12.9"]
[Round "1"]
[White "Neimar_Dantas"]
[Black "jnable"]
[Result "0-1"]
[WhiteElo "2110"]
[BlackElo "2074"]

1. d4 d5 2. Nf3 Nf6 3. g3 Bf5 4. Bg2 e6 5. O-O c5 6. Bg5 Be7 7. Nbd2 h6 8. Bxf6
Bxf6 9. e3 Nc6 10. a3 c4 11. Rb1 O-O 12. Re1 b5 13. Nh4 Bxh4 14. gxh4 Qxh4 15.
Rc1 a5 16. b3 Rfd8 17. Nf3 Qf6 18. bxc4 dxc4 19. c3 Rac8 20. e4 Bg4 21. Re3 Qe7
22. Qc2 Qxa3 23. h3 Bh5 24. Nh2 Bg6 25. f4 Nxd4 26. Qb1 Nb3 27. Rd1 b4 28. cxb4
axb4 29. Rxd8+ Rxd8 30. f5 Bh5 31. Ng4 Bxg4 32. hxg4 Qc1+ 33. Re1 Qf4 34. fxe6
fxe6 35. Qc2 Nd2 36. Re2 c3 37. Rf2 Qxg4 38. Qa2 Nxe4 39. Rf1 Rd2 40. Qa8+ Kh7
41. Qxe4+ Qxe4 42. Bxe4+ Kg8 43. Bg6 c2 44. Bxc2 Rxc2 45. Rb1 Rc4 46. Kf2 Kf7
47. Rb3 e5 48. Re3 e4 49. Rb3 Ke6 50. Re3 Kf5 51. Rg3 g5 52. Rb3 Kf4 53. Rh3 e3+
54. Ke2 b3 55. Rxe3 Re4 56. Rxe4+ Kxe4 57. Kd2 g4 58. Kc3 g3 0-1

[Event "AUTO-MASTER-1995"]
[Site "http://www.queenalice.com/game.php?id=1238849"]
[Date "2013.12.9"]
[Round "1"]
[White "GMcruz"]
[Black "Neimar_Dantas"]
[Result "1-0"]
[WhiteElo "2112"]
[BlackElo "2003"]

1. d4 Nf6 2. Nf3 d5 3. c4 c6 4. g3 e6 5. Bg2 dxc4 6. Ne5 Bb4+ 7. Nc3 Nd5 8. Bd2
Nb6 9. e3 O-O 10. O-O N8d7 11. f4 f6 12. Nxd7 Bxd7 13. e4 Qc7 14. Qe2 e5 15. Be3
exd4 16. Bxd4 c5 17. Be3 Bc6 18. Qf2 Bxc3 19. bxc3 Rfe8 20. Bxc5 Bxe4 21. Bd4
Bxg2 22. Qxg2 Rad8 23. Rab1 Nd5 24. Rb5 Qc6 25. Rc5 Qe6 26. f5 Qf7 27. Qf3 b6
28. Rc6 Nb4 29. a3 Nxc6 30. Qxc6 Re2 31. Qf3 Rde8 32. Rf2 Rxf2 33. Kxf2 Qd7 34.
g4 Qe7 35. Qd5+ Qf7 36. Qf3 Qd7 37. h3 Qd6 38. Kg2 Qxa3 39. Qd5+ Kh8 40. Qf7 Qa4
41. g5 Qc2+ 42. Bf2 Qe4+ 43. Kg3 fxg5 44. f6 Qe5+ 45. Kg2 gxf6 46. Bd4 Qe4+ 47.
Kh2 1-0

[Event "AUTO-MASTER-1995"]
[Site "http://www.queenalice.com/game.php?id=1238850"]
[Date "2013.12.9"]
[Round "1"]
[White "Neimar_Dantas"]
[Black "GMcruz"]
[Result "0-1"]
[WhiteElo "2116"]
[BlackElo "2040"]

1. d4 Nf6 2. Nf3 e6 3. e3 c5 4. Be2 Nc6 5. O-O cxd4 6. exd4 d6 7. c4 Be7 8. b3
O-O 9. Bb2 d5 10. Nbd2 b6 11. Ne5 Bb7 12. Rc1 Rc8 13. Ndf3 Ne4 14. a3 f5 15. b4
Bf6 16. Qb3 Bxe5 17. dxe5 Ne7 18. Rfd1 Qe8 19. Ng5 Nxg5 20. f3 f4 21. h4 Nf7 22.
Bd3 Nh6 23. Qc2 Nhf5 24. Qf2 Ne3 25. Re1 dxc4 26. Bb1 N7d5 27. Bd4 Qa4 28. Bxe3
Nxe3 29. Rxe3 fxe3 30. Qxe3 c3 31. Qd3 g6 32. h5 Rfd8 33. Qe3 c2 34. hxg6 cxb1=Q
35. Rxb1 hxg6 36. Kh2 Qd7 37. Rh1 Qh7+ 0-1

[Event "AUTO-MASTER-1995"]
[Site "http://www.queenalice.com/game.php?id=1238859"]
[Date "2013.12.9"]
[Round "1"]
[White "Rutty"]
[Black "Neimar_Dantas"]
[Result "0-1"]
[WhiteElo "1961"]
[BlackElo "2102"]

1. e4 c6 2. d4 d5 3. e5 Bf5 4. Bd3 Bxd3 5. Qxd3 e6 6. Nf3 c5 7. c3 Nc6 8. O-O
Qb6 9. Rd1 cxd4 10. cxd4 Nge7 11. b3 Nf5 12. Bb2 Be7 13. Nc3 O-O 14. Rac1 Nb4
15. Qb1 Rac8 16. Na4 Qa6 17. Ba3 b6 18. Bxb4 Bxb4 19. g4 Nh6 20. Ng5 g6 21. h3
Qe2 22. Kg2 Nxg4 23. hxg4 Qxg4+ 24. Kf1 Qxg5 25. Nb2 Qh4 26. Ke2 Qg4+ 27. Kf1
Rc3 28. Rxc3 Bxc3 29. Nd3 Bxd4 30. Qc2 Qf5 31. Rc1 Bxe5 32. Nxe5 Qxe5 33. Qc7
Qxc7 34. Rxc7 Ra8 35. Ke2 Kg7 36. Ke3 Kf6 37. b4 h5 38. Kf3 e5 39. a4 g5 40. a5
g4+ 41. Kg3 Kg6 42. axb6 axb6 43. Rc6+ Kg5 44. Rxb6 h4+ 45. Kg2 h3+ 46. Kg3 Ra3+
47. Kh2 d4 48. b5 Rf3 0-1

[Event "AUTO-MASTER-1995"]
[Site "http://www.queenalice.com/game.php?id=1238860"]
[Date "2013.12.9"]
[Round "1"]
[White "Neimar_Dantas"]
[Black "Rutty"]
[Result "1-0"]
[WhiteElo "2093"]
[BlackElo "2068"]

1. d4 d5 2. Nf3 Nf6 3. g3 c6 4. Bg2 g6 5. O-O Bg7 6. Nbd2 O-O 7. c4 Be6 8. Qc2
dxc4 9. Nxc4 Bf5 10. Qb3 b5 11. Nce5 Nfd7 12. Bf4 Nb6 13. Rac1 Be6 14. Qa3 Nc4
15. Qc3 Bd5 16. b3 Nxe5 17. Nxe5 Bxg2 18. Kxg2 Qd5+ 19. f3 Bxe5 20. Bxe5 Rc8 21.
e4 Qd7 22. Rfd1 f6 23. Bf4 g5 24. Be3 a5 25. d5 c5 26. Qb2 Na6 27. h4 h6 28.
hxg5 fxg5 29. Rh1 e5 30. Qxe5 Re8 31. Qf6 1-0

[Event "AUTO-MASTER-2054"]
[Site "http://www.queenalice.com/game.php?id=1265816"]
[Date "2014.3.17"]
[Round "1"]
[White "Donyelko"]
[Black "Neimar_Dantas"]
[Result "1-0"]
[WhiteElo "1985"]
[BlackElo "1974"]

1. d4 d5 2. c4 c6 3. Nc3 Nf6 4. Bg5 e6 5. e4 dxe4 6. Nxe4 Qa5+ 7. Bd2 Qf5 8.
Nxf6+ Qxf6 9. Bc3 Qg6 10. Qf3 Nd7 11. Bd3 Qf6 12. Qe4 Qd8 13. Nf3 Nf6 14. Qe2
Be7 15. Ne5 c5 16. dxc5 Bxc5 17. b4 Bd6 18. O-O Bd7 19. Nxd7 Qxd7 20. c5 Qc7 21.
Bb5+ Kf8 22. g3 Be7 23. Be5 Qc8 24. a3 Nd7 25. Rfd1 Nxe5 26. Qxe5 Bf6 27. Qd6+
Kg8 28. Rab1 g6 29. c6 a6 30. cxb7 Qxb7 31. Bc6 Qa7 32. Bxa8 Qxa8 33. b5 axb5
34. Rxb5 Kg7 35. Rdb1 Rd8 36. Qb4 Qf3 37. Qb3 Rd3 38. Qxd3 Qxd3 39. R5b3 Qc2 40.
Rb4 Bd4 41. Rf1 Bc5 42. Rbb1 Bxa3 43. Ra1 Bb2 44. Rab1 Bd4 45. Rbc1 Qf5 46. Rcd1
e5 47. Kg2 Qe4+ 48. Kh3 g5 49. f3 Qe2 50. Rde1 Qa2 51. Rd1 1-0

[Event "AUTO-MASTER-2054"]
[Site "http://www.queenalice.com/game.php?id=1265817"]
[Date "2014.3.17"]
[Round "1"]
[White "Neimar_Dantas"]
[Black "Donyelko"]
[Result "1-0"]
[WhiteElo "2108"]
[BlackElo "1966"]

1. d4 e6 2. Nf3 Nf6 3. e3 d5 4. Be2 Bd6 5. O-O O-O 6. b3 Nc6 7. Bb2 Ne7 8. Nbd2
b6 9. Ne5 c5 10. Ndf3 Nd7 11. c4 f6 12. Nxd7 Bxd7 13. cxd5 Nxd5 14. Bc4 Nb4 15.
a3 Nc6 16. d5 Na5 17. dxe6 Nxc4 18. exd7 Qxd7 19. Qd5+ Kh8 20. Qxc4 Qc7 21. Rfd1
Rfe8 22. Rac1 Rab8 23. g3 Qc6 24. Nh4 Re4 25. Qd5 1-0

[Event "AUTO-MASTER-2054"]
[Site "http://www.queenalice.com/game.php?id=1265830"]
[Date "2014.3.17"]
[Round "1"]
[White "acid"]
[Black "Neimar_Dantas"]
[Result "1-0"]
[WhiteElo "2370"]
[BlackElo "2116"]

1. c4 c6 2. d4 d5 3. Nf3 Nf6 4. Nc3 e6 5. e3 Nbd7 6. Bd3 dxc4 7. Bxc4 b5 8. Be2
a6 9. e4 b4 10. e5 bxc3 11. exf6 Nxf6 12. bxc3 Be7 13. Ne5 Bb7 14. Rb1 Qc8 15.
Qb3 Ra7 16. Qb6 Qa8 17. Qc7 Qc8 18. Qxc8+ Bxc8 19. Nxc6 Ra8 20. Nxe7 Kxe7 21.
Ba3+ Kd7 22. Bf3 Ra7 23. Bc5 Rc7 24. Kd2 Rxc5 25. dxc5 Rd8 26. Kc2 Ke7 27. Rhe1
Bd7 28. Rb7 Kf8 29. c6 1-0

[Event "AUTO-MASTER-2054"]
[Site "http://www.queenalice.com/game.php?id=1265831"]
[Date "2014.3.17"]
[Round "1"]
[White "Neimar_Dantas"]
[Black "acid"]
[Result "0-1"]
[WhiteElo "2112"]
[BlackElo "2391"]

1. d4 Nf6 2. Nf3 g6 3. e3 d5 4. Be2 Bg7 5. O-O O-O 6. b3 c5 7. Bb2 cxd4 8. exd4
Nc6 9. a3 Bf5 10. Nbd2 Ne4 11. c4 e6 12. Rc1 Bh6 13. Ra1 Nxd2 14. Nxd2 Bg7 15.
Nf3 dxc4 16. bxc4 Qb6 17. Bc3 Rfd8 18. Qc1 Nxd4 19. Nxd4 Bxd4 20. Bxd4 Rxd4 21.
Qc3 Qc5 22. Rad1 Rad8 23. Rxd4 Rxd4 24. Rd1 e5 25. Qb2 b6 26. h3 Rxd1+ 27. Bxd1
Bd3 28. Bb3 h5 29. Qc3 Qd4 30. Qb4 e4 31. Qa4 Kg7 32. Qxa7 e3 33. fxe3 Qxe3+ 34.
Kh2 Qf4+ 35. Kg1 Qf1+ 36. Kh2 Be4 0-1

[Event "AUTO-MASTER-2054"]
[Site "http://www.queenalice.com/game.php?id=1265840"]
[Date "2014.3.17"]
[Round "1"]
[White "Neimar_Dantas"]
[Black "scaccomatto"]
[Result "0-1"]
[WhiteElo "2108"]
[BlackElo "2230"]

1. d4 Nf6 2. Nf3 b6 3. e3 e6 4. Be2 Bb7 5. O-O Be7 6. b3 O-O 7. Bb2 a5 8. Nbd2
a4 9. bxa4 d5 10. c4 dxc4 11. Bxc4 Bd6 12. Qc2 Nd5 13. a3 f5 14. Ne5 Nd7 15.
Ndf3 Nxe5 16. dxe5 Bc5 17. Nd4 Qe8 18. e4 fxe4 19. Qxe4 Rxa4 20. Bb5 Qxb5 21.
Qxh7+ Kxh7 22. Nxb5 Rg4 23. g3 Nf4 24. h3 Rxg3+ 0-1

[Event "AUTO-MASTER-2054"]
[Site "http://www.queenalice.com/game.php?id=1265841"]
[Date "2014.3.17"]
[Round "1"]
[White "scaccomatto"]
[Black "Neimar_Dantas"]
[Result "1-0"]
[WhiteElo "2258"]
[BlackElo "2031"]

1. d4 d5 2. c4 c6 3. Nf3 e6 4. b3 Nf6 5. e3 Nbd7 6. Bb2 Bb4+ 7. Nbd2 O-O 8. a3
Bxd2+ 9. Qxd2 b6 10. Bd3 Bb7 11. cxd5 cxd5 12. Qe2 Rc8 13. O-O Ne4 14. Rfc1 Qe7
15. Rxc8 Rxc8 16. Rc1 Rxc1+ 17. Bxc1 Ndf6 18. Ne5 Qc7 19. Bb2 h6 20. Qc2 Qxc2
21. Bxc2 Kf8 22. f3 Nd6 23. Kf2 Ke7 24. Bd3 Nd7 25. Bc3 Nxe5 26. dxe5 Ne8 27.
Bb4+ Kd7 28. Bf8 Bc6 29. g4 1-0

[Event "AUTO-MASTER-1983"]
[Site "http://www.queenalice.com/game.php?id=1270290"]
[Date "2014.4.4"]
[Round "2"]
[White "chagrix64"]
[Black "Neimar_Dantas"]
[Result "1-0"]
[WhiteElo "2411"]
[BlackElo "1991"]

1. e4 c6 2. Nc3 d5 3. d4 dxe4 4. Nxe4 Nd7 5. c3 Ngf6 6. Nxf6+ Nxf6 7. Bd3 Bg4 8.
Ne2 e6 9. Qb3 Bxe2 10. Bxe2 Qc7 11. a4 Bd6 12. g3 O-O 13. O-O Ne4 14. a5 Kh8 15.
Bf3 Nf6 16. c4 Rad8 17. c5 Be7 18. a6 bxa6 19. Rxa6 Rxd4 20. Be3 Rdd8 21. Bf4
1-0

[Event "AUTO-MASTER-1983"]
[Site "http://www.queenalice.com/game.php?id=1270291"]
[Date "2014.4.4"]
[Round "2"]
[White "Neimar_Dantas"]
[Black "chagrix64"]
[Result "0-1"]
[WhiteElo "2100"]
[BlackElo "2401"]

1. d4 d5 2. Nf3 Nf6 3. e3 e6 4. Be2 c5 5. O-O cxd4 6. exd4 Be7 7. b3 O-O 8. Bb2
Nc6 9. Nbd2 b6 10. Ne5 Bb7 11. Ndf3 Nxe5 12. Nxe5 Nd7 13. Bd3 Nxe5 14. dxe5 Rc8
15. f4 Bc5+ 16. Kh1 Qh4 17. Rf3 d4 18. Rh3 Qxh3 0-1

[Event "AUTO-MASTER-1983"]
[Site "http://www.queenalice.com/game.php?id=1270298"]
[Date "2014.4.4"]
[Round "2"]
[White "Neimar_Dantas"]
[Black "bouley"]
[Result "0-1"]
[WhiteElo "2024"]
[BlackElo "2147"]

1. d4 Nf6 2. Nf3 e6 3. e3 b6 4. Be2 Bb7 5. O-O Be7 6. c4 O-O 7. b3 c5 8. Bb2
cxd4 9. exd4 d5 10. Nbd2 Nbd7 11. Ne5 Qc7 12. Ndf3 Rfd8 13. Rc1 dxc4 14. Bxc4
Qd6 15. Re1 Nd5 16. Nxd7 Rxd7 17. Ne5 Rdd8 0-1

[Event "AUTO-MASTER-1983"]
[Site "http://www.queenalice.com/game.php?id=1270299"]
[Date "2014.4.4"]
[Round "2"]
[White "bouley"]
[Black "Neimar_Dantas"]
[Result "1-0"]
[WhiteElo "2155"]
[BlackElo "2013"]

1. d4 Nf6 2. Nf3 e6 3. c4 d5 4. e3 c6 5. Bd3 dxc4 6. Bxc4 Nbd7 7. Nc3 b5 8. Bb3
Bb7 9. O-O a6 10. Bd2 c5 11. dxc5 Bxc5 12. Qe2 O-O 13. Rfd1 Qe7 14. Rac1 Rac8
15. Be1 Rfd8 16. Nd2 Ba7 17. f3 Ne5 18. Nf1 1-0